[Event "Maria Albulet Memorial 2017"]
[Site "Braila"]
[Date "2017.10.13"]
[Round "8"]
[White "Nastase, Andreea-Cristina"]
[Black "Miladinovic, Lena"]
[Result "1/2-1/2"]
[WhiteElo "1989"]
[BlackElo "2138"]
[Annotator "NA"]
[PlyCount "108"]
[EventDate "2017.??.??"]
[EventCountry "ROU"]
[SourceTitle "playchess.com"]
[Source "ChessBase"]
[SourceQuality "1"]
[TimeControl "40/5400+30:900+30"]

1. d4 {[%emt 0:00:00]} Nf6 {[%emt 0:00:05]} 2. f3 {[%emt 0:00:00]} d5 {[%emt 0:01:23]} 3. Nc3 {[%emt 0:00:01]} c5 {[%emt 0:01:33]} 4. e4 {[%emt 0:00:04]} cxd4 {[%emt 0:00:33]} 5. Qxd4 {[%emt 0:00:05]} Nc6 {[%emt 0:00:01]} 6. Bb5 {[%emt 0:01:53]} Bd7 {[%emt 0:00:05]} 7. Bxc6 {[%emt 0:00:02]} Bxc6 {[%emt 0:00:05]} 8. e5 {[%emt 0:00:05]} Nd7 {[%emt 0:00:04]} 9. e6 {[%emt 0:00:02]} fxe6 {[%emt 0:00:04]} 10. f4 {[%emt 0:01:01]} e5 {[%emt 0:00:28]} 11. fxe5 {[%emt 0:00:13]} e6 {[%emt 0:00:05]} 12. Nf3 {[%emt 0:00:39]} Bc5 {[%emt 0:00:37]} 13. Qg4 {[%emt 0:00:33]} O-O {[%emt 0:02:38]} 14. Bg5 {[%emt 0:00:09]} Qe8 {[%emt 0:07:36]} 15. O-O-O {[%emt 0:00:52]} Kh8 {[%emt 0:05:45]} 16. Ne2 {[%emt 0:08:05]} Qg6 $11 {[%emt 0:14:53]} 17. Kb1 {[%emt 0:01:59]} Rf5 {[%emt 0:18:38]} 18. Nf4 {[%emt 0:09:05]} Qf7 {[%emt 0:01:27]} 19. Nd3 {[%emt 0:10:19]} Bb6 {[%emt 0:04:03]} 20. Rhe1 {[%emt 0:01:14]} Bb5 {[%emt 0:02:38]} 21. h4 {[%emt 0:08:01]} Rc8 {[%emt 0:06:54]} 22. Bc1 {[%emt 0:04:59]} Rc4 {[%emt 0:02:45]} 23. Qh3 {[%emt 0:01:09]} Qg6 {[%emt 0:07:27]} 24. Ng5 {[%emt 0:02:27]} h6 {[%emt 0:04:18]} 25. g4 {[%emt 0:01:38]} Rf8 {[%emt 0:05:50]} 26. h5 {[%emt 0:01:26]} Qe8 {[%emt 0:00:18]} 27. Nf3 {[%emt 0:00:53]} Qc8 {[%emt 0:02:00]} 28. Nh4 {[%emt 0:01:17]} Rxc2 {[%emt 0:04:03]} 29. Ng6+ {[%emt 0:00:03]} Kh7 {[%emt 0:00:10]} 30. Nxf8+ {[%emt 0:00:23]} Nxf8 {[%emt 0:00:03]} 31. g5 {[%emt 0:00:43]} Rc7 {[%emt 0:06:08]} 32. gxh6 {[%emt 0:03:12]} gxh6 {[%emt 0:00:05]} 33. Qf3 {[%emt 0:00:40]} Rg7 {[%emt 0:01:23]} 34. Rf1 {[%emt 0:09:45]} Nd7 {[%emt 0:00:16]} 35. Qf4 {[%emt 0:00:05]} Kg8 {[%emt 0:01:11]} 36. Be3 {[%emt 0:02:56]} Bxe3 {[%emt 0:02:16]} 37. Qxe3 {[%emt 0:00:04]} Qc4 {[%emt 0:00:38]} 38. Rg1 {[%emt 0:02:22]} Qe4 {[%emt 0:00:26]} 39. Rxg7+ {[%emt 0:02:32]} Kxg7 {[%emt 0:00:01]} 40. Qxe4 {[%emt 0:00:00]} dxe4 {[%emt 0:00:05]} 41. Nf4 {[%emt 0:02:48]} Nxe5 {[%emt 0:02:22]} 42. Nxe6+ {[%emt 0:03:33]} Kf6 {[%emt 0:01:08]} 43. Nc5 {[%emt 0:01:10]} e3 {[%emt 0:04:07]} 44. Ne4+ {[%emt 0:05:03]} Ke6 {[%emt 0:03:12]} 45. Rd6+ {[%emt 0:02:28]} Kf5 {[%emt 0:02:40]} 46. Nc3 {[%emt 0:00:23]} e2 {[%emt 0:01:10]} 47. Nxe2 {[%emt 0:00:06]} Bxe2 {[%emt 0:00:05]} 48. Rxh6 {[%emt 0:00:08]} Nf7 {[%emt 0:01:19]} 49. Rg6 {[%emt 0:01:05]} Bxh5 {[%emt 0:00:14]} 50. Rg1 {[%emt 0:00:38]} Bf3 {[%emt 0:01:19]} 51. Rf1 {[%emt 0:01:02]} Ne5 {[%emt 0:00:39]} 52. Kc2 {[%emt 0:00:34]} Ke4 {[%emt 0:00:29]} 53. Kc3 {[%emt 0:00:37]} Kd5 {[%emt 0:01:20]} 54. b4 {[%emt 0:00:54]} b5 {[%emt 0:01:10] Kd4+} 1/2-1/2

[Event "Maria Albulet Memorial 2017"]
[Site "Braila"]
[Date "2017.10.13"]
[Round "8"]
[White "Popa, Catalina-Elena"]
[Black "Djukic, Sandra"]
[Result "0-1"]
[WhiteElo "1731"]
[BlackElo "2084"]
[Annotator "NA"]
[PlyCount "118"]
[EventDate "2017.??.??"]
[EventCountry "ROU"]
[SourceTitle "playchess.com"]
[Source "ChessBase"]
[SourceQuality "1"]
[TimeControl "40/5400+30:900+30"]

1. e4 {[%emt 0:00:00]} c5 {[%emt 0:00:05]} 2. Nf3 {[%emt 0:00:00]} Nc6 {[%emt 0:00:05]} 3. d4 {[%emt 0:00:00]} cxd4 {[%emt 0:00:06]} 4. Nxd4 Qc7 {[%emt 0:00:05]} 5. Nc3 {[%emt 0:00:00]} e6 {[%emt 0:00:06]} 6. g3 {[%emt 0:00:00]} a6 {[%emt 0:00:06]} 7. Bg2 {[%emt 0:00:06]} d6 {[%emt 0:01:01]} 8. O-O {[%emt 0:00:34]} Bd7 {[%emt 0:00:13]} 9. Be3 {[%emt 0:04:53]} Be7 {[%emt 0:02:38] B47: Sizilianisch (Paulsen/Taimanow-Variante)} 10. Nb3 {[%emt 0:04:46]} Nf6 {[%emt 0:10:02]} 11. f4 {[%emt 0:18:19]} b5 {[%emt 0:19:59]} 12. Qe2 {[%emt 0:07:24]} (12. a3 Bc8 13. e5 dxe5 14. fxe5 Nd7 15. Rxf7 Kxf7 {1-0 (30) Guseinov,G (2643)-Diamant,A (2515) chess.com INT 2017}) 12... O-O {[%emt 0:03:23]} 13. Rad1 {[%emt 0:05:38]} Be8 $146 {[%emt 0:19:29]} ({Vorgänger:} 13... Rac8 14. g4 b4 15. Na4 Na5 16. Nb6 Bb5 17. Qf3 Bxf1 18. Nxc8 Bxg2 19. Nxe7+ {½-½ (19) Zagrebelny,S (2485)-Kurochkin,V (2423) Moscow 2006}) 14. Bf2 {[%emt 0:09:47]} Rb8 {[%emt 0:07:23]} 15. Rfe1 {[%emt 0:09:21]} Nd7 {[%emt 0:10:46]} 16. Nd5 {[%emt 0:13:13]} exd5 {[%emt 0:00:25]} 17. exd5 {[%emt 0:00:02]} Nce5 {[%emt 0:01:44]} 18. fxe5 {[%emt 0:00:05]} Nxe5 {[%emt 0:00:04]} 19. Nc5 {[%emt 0:08:00]} Qa5 {[%emt 0:02:30]} 20. a3 {[%emt 0:00:46]} Rc8 {[%emt 0:04:14]} 21. Bd4 {[%emt 0:03:25]} Ng6 {[%emt 0:02:37]} 22. Nd3 {[%emt 0:02:30]} Bd7 {[%emt 0:02:25]} 23. Bc3 {[%emt 0:03:18]} Rxc3 {[%emt 0:01:38]} 24. bxc3 {[%emt 0:00:02]} Qxc3 {[%emt 0:00:11]} 25. Qd2 {[%emt 0:02:04]} Rc8 {[%emt 0:05:49]} 26. Qxc3 {[%emt 0:07:25]} Rxc3 {[%emt 0:00:04]} 27. Nf4 {[%emt 0:00:17]} Kf8 {[%emt 0:02:03]} 28. Nxg6+ {[%emt 0:00:19]} hxg6 {[%emt 0:00:11]} 29. Be4 {[%emt 0:00:44]} Bf6 {[%emt 0:00:57]} 30. Ra1 {[%emt 0:01:04]} Bd4+ {[%emt 0:00:08]} 31. Kg2 {[%emt 0:00:13]} Bc5 {[%emt 0:00:45]} 32. Rf1 {[%emt 0:00:54]} Kg8 {[%emt 0:00:57]} 33. Rf3 {[%emt 0:00:38]} Rc4 {[%emt 0:00:10]} 34. Bd3 {[%emt 0:00:07]} Rd4 {[%emt 0:00:06]} 35. Raf1 {[%emt 0:00:35]} ({White should play} 35. Re1 $1 $14) 35... f5 {[%emt 0:00:33]} 36. Re1 {[%emt 0:00:43]} Kf8 {[%emt 0:00:52]} 37. h3 {[%emt 0:00:37]} Rxd5 {[%emt 0:00:56]} 38. c4 {[%emt 0:00:18]} Rd4 {[%emt 0:00:19]} 39. cxb5 {[%emt 0:00:04]} axb5 {[%emt 0:00:03]} 40. Kh2 {[%emt 0:00:00]} Bc6 {[%emt 0:01:40]} 41. Rfe3 {[%emt 0:01:50]} Ra4 {[%emt 0:10:27]} 42. Bc2 {[%emt 0:08:33]} Ra7 {[%emt 0:07:28]} 43. Rb3 {[%emt 0:00:41]} Kf7 {[%emt 0:01:41]} 44. Bd3 {[%emt 0:00:49]} Bd5 {[%emt 0:00:03]} 45. Rxb5 {[%emt 0:00:34]} Rxa3 {[%emt 0:00:03]} 46. Bb1 {[%emt 0:01:21]} Bc4 {[%emt 0:01:05]} 47. Rb7+ {[%emt 0:00:08]} Kf6 {[%emt 0:00:16]} 48. Rd1 {[%emt 0:00:45]} d5 {[%emt 0:00:53]} 49. Rc7 Bf2 {[%emt 0:00:22]} 50. Rc6+ {[%emt 0:00:38]} Kg5 {[%emt 0:00:09]} 51. g4 {[%emt 0:00:24]} Be3 {[%emt 0:01:07]} 52. Re1 {[%emt 0:01:27]} Bf4+ {[%emt 0:00:04]} (52... Rb3 $19 53. Kh1 Bf2) 53. Kg2 {[%emt 0:00:05]} Rg3+ {[%emt 0:00:17]} 54. Kf2 {[%emt 0:00:26] [#]} Rxh3 {[%emt 0:00:21]} (54... Rb3) 55. Ree6 $19 {[%emt 0:00:09]} (55. gxf5 $17 Bg3+ 56. Kg2 Bxe1 57. Kxh3 gxf5 58. Kg2) 55... Rh2+ {[%emt 0:00:24]} 56. Kg1 {[%emt 0:00:52]} Rb2 {[%emt 0:01:11]} 57. Rxg6+ {[%emt 0:00:05]} Kh4 {[%emt 0:00:02]} 58. Bxf5 {[%emt 0:00:15]} Be3+ {[%emt 0:00:48]} 59. Kh1 {[%emt 0:00:35]} Kg3 {[%emt 0:00:23]} 0-1

[Event "Maria Albulet Memorial 2017"]
[Site "Braila"]
[Date "2017.10.13"]
[Round "8"]
[White "Patru, Alexandra-Ioana"]
[Black "Uzuneanu, Gabriela"]
[Result "1/2-1/2"]
[WhiteElo "1623"]
[BlackElo "1564"]
[Annotator "NA"]
[PlyCount "104"]
[EventDate "2017.??.??"]
[EventCountry "ROU"]
[SourceTitle "playchess.com"]
[Source "ChessBase"]
[SourceQuality "1"]
[TimeControl "40/5400+30:900+30"]

1. d4 {[%emt 0:00:00]} d5 {[%emt 0:00:03]} 2. Nf3 {[%emt 0:00:00]} e6 {[%emt 0:00:15]} 3. e3 {[%emt 0:00:00]} c5 {[%emt 0:02:09]} 4. c3 {[%emt 0:00:13]} Nc6 {[%emt 0:01:37]} 5. Bd3 {[%emt 0:00:19]} Nf6 {[%emt 0:02:02]} 6. Nbd2 {[%emt 0:00:25]} Be7 {[%emt 0:03:31]} 7. O-O {[%emt 0:01:27]} O-O {[%emt 0:01:39]} 8. dxc5 {[%emt 0:05:13]} Bxc5 {[%emt 0:03:21]} 9. b4 {[%emt 0:00:10]} Bd6 {[%emt 0:01:24]} 10. a3 {[%emt 0:01:31]} Ne5 {[%emt 0:03:36]} 11. Nxe5 {[%emt 0:02:38]} Bxe5 {[%emt 0:00:22]} 12. Bb2 {[%emt 0:00:33]} Bd7 {[%emt 0:08:31]} 13. Nf3 {[%emt 0:01:13]} Bc7 {[%emt 0:03:22]} 14. c4 {[%emt 0:02:00]} dxc4 {[%emt 0:13:30]} 15. Bxc4 {[%emt 0:00:12]} Bc6 {[%emt 0:05:05]} 16. Be2 {[%emt 0:08:30]} Qe7 {[%emt 0:08:22]} 17. Qc2 {[%emt 0:01:43]} Rac8 {[%emt 0:03:58]} 18. Qb3 {[%emt 0:04:25]} Bd5 {[%emt 0:00:49]} 19. Qa4 {[%emt 0:01:57]} Bb6 {[%emt 0:08:37]} 20. Rac1 {[%emt 0:03:47]} Bc6 {[%emt 0:05:05]} 21. b5 {[%emt 0:02:11]} Bd5 {[%emt 0:00:24]} 22. Qh4 {[%emt 0:00:59]} h6 {[%emt 0:08:51]} 23. Ne5 {[%emt 0:02:19]} Bc5 {[%emt 0:04:17]} 24. Ra1 {[%emt 0:12:24]} Nh7 {[%emt 0:03:52]} 25. Qf4 {[%emt 0:07:08]} Qg5 {[%emt 0:01:00]} 26. Qxg5 {[%emt 0:01:00]} Nxg5 {[%emt 0:00:03]} 27. Nd7 {[%emt 0:02:29]} Rfd8 {[%emt 0:00:17]} 28. Nxc5 {[%emt 0:00:20]} Rxc5 {[%emt 0:00:10]} 29. Bd4 {[%emt 0:00:32]} Rc2 {[%emt 0:01:43]} 30. Bd1 {[%emt 0:00:51]} Rcc8 {[%emt 0:00:07]} 31. Ba4 {[%emt 0:01:48]} b6 {[%emt 0:00:11]} 32. Rfc1 {[%emt 0:00:55]} Ne4 {[%emt 0:01:48]} 33. Bd1 Nd6 34. a4 {[%emt 0:03:22]} Nf5 {[%emt 0:02:37]} 35. Bb2 {[%emt 0:00:58]} Nd6 {[%emt 0:00:18]} 36. Bd4 {[%emt 0:00:47]} Nf5 {[%emt 0:00:48]} 37. Be5 {[%emt 0:00:57]} Bb7 {[%emt 0:01:21]} 38. Bf3 {[%emt 0:02:57]} Bxf3 {[%emt 0:00:50]} 39. gxf3 {[%emt 0:00:08]} Ne7 {[%emt 0:00:28]} 40. Kf1 {[%emt 0:00:00]} f6 {[%emt 0:02:05]} 41. Bb2 {[%emt 0:04:01]} Nd5 {[%emt 0:05:28]} 42. Ke2 {[%emt 0:06:00]} Nc7 {[%emt 0:02:53]} 43. Rc6 {[%emt 0:01:09]} Ne8 {[%emt 0:02:50]} 44. Rac1 {[%emt 0:00:26]} Rxc6 {[%emt 0:01:13]} 45. Rxc6 {[%emt 0:00:22]} Kf7 {[%emt 0:00:15]} 46. Ba3 {[%emt 0:00:33]} Rd7 {[%emt 0:01:12]} 47. Rc8 {[%emt 0:06:52]} Nc7 {[%emt 0:01:24]} 48. h4 {[%emt 0:01:51]} Nd5 {[%emt 0:01:24]} 49. h5 {[%emt 0:00:53]} e5 {[%emt 0:00:07]} 50. Rf8+ {[%emt 0:00:39]} Ke6 {[%emt 0:00:05]} 51. Re8+ {[%emt 0:00:22]} Kf7 {[%emt 0:00:03]} 52. Rf8+ {[%emt 0:03:02]} Ke6 {[%emt 0:00:03]} 1/2-1/2

[Event "Maria Albulet Memorial 2017"]
[Site "Braila"]
[Date "2017.10.13"]
[Round "8"]
[White "Vorniceanu, Alina"]
[Black "Andres, Marina-Corina"]
[Result "1-0"]
[WhiteElo "1498"]
[BlackElo "1581"]
[Annotator "NA"]
[PlyCount "67"]
[EventDate "2017.??.??"]
[EventCountry "ROU"]
[SourceTitle "playchess.com"]
[Source "ChessBase"]
[SourceQuality "1"]
[TimeControl "40/5400+30:900+30"]

1. e4 {[%emt 0:00:00]} e5 {[%emt 0:00:03]} 2. Nf3 {[%emt 0:00:00]} Nc6 {[%emt 0:00:05]} 3. Bc4 {[%emt 0:00:00]} Bc5 {[%emt 0:00:05]} 4. c3 {[%emt 0:00:00]} Nf6 {[%emt 0:00:05]} 5. d3 {[%emt 0:00:00]} O-O {[%emt 0:00:24]} 6. h3 {[%emt 0:01:09]} d6 {[%emt 0:00:10]} 7. Bb3 {[%emt 0:00:03]} Ne7 {[%emt 0:00:24]} 8. O-O {[%emt 0:00:08]} Ng6 {[%emt 0:00:42]} 9. Re1 {[%emt 0:02:23]} a6 {[%emt 0:01:34]} 10. Nbd2 {[%emt 0:00:32]} Nf4 {[%emt 0:02:56]} 11. Nf1 {[%emt 0:00:52]} N6h5 {[%emt 0:02:31]} 12. d4 {[%emt 0:02:27]} exd4 {[%emt 0:02:17]} 13. Nxd4 {[%emt 0:03:29]} Bxh3 {[%emt 0:29:43]} 14. Bxf4 {[%emt 0:06:32]} Nxf4 {[%emt 0:00:11]} 15. gxh3 {[%emt 0:25:13]} Qg5+ {[%emt 0:02:00]} 16. Ng3 {[%emt 0:01:21]} Nxh3+ {[%emt 0:00:44]} 17. Kg2 {[%emt 0:02:28]} Nf4+ {[%emt 0:02:04]} 18. Kf1 {[%emt 0:09:24]} Bxd4 {[%emt 0:11:09]} 19. cxd4 {[%emt 0:01:33]} h5 {[%emt 0:01:49]} 20. Qf3 {[%emt 0:02:09]} h4 {[%emt 0:01:11]} 21. Ne2 {[%emt 0:06:36]} Nxe2 {[%emt 0:01:46]} 22. Kxe2 {[%emt 0:01:14]} Qb5+ {[%emt 0:02:55]} 23. Qd3 {[%emt 0:02:02]} Qh5+ {[%emt 0:02:10]} 24. Qf3 {[%emt 0:00:16]} Qb5+ {[%emt 0:05:54]} 25. Qd3 {[%emt 0:05:20]} Qxd3+ {[%emt 0:03:40]} 26. Kxd3 {[%emt 0:00:08]} Kh7 {[%emt 0:00:14]} 27. Rh1 {[%emt 0:00:21]} g5 {[%emt 0:00:11]} 28. Rag1 {[%emt 0:00:59]} f6 {[%emt 0:04:30]} 29. f4 {[%emt 0:01:36]} Kh6 {[%emt 0:01:30]} 30. Rg4 {[%emt 0:02:16]} Kh5 {[%emt 0:04:46]} 31. Rhg1 {[%emt 0:02:28]} h3 {[%emt 0:02:55]} 32. Bd1 {[%emt 0:02:04]} Kh6 {[%emt 0:06:05]} 33. fxg5+ {[%emt 0:00:55]} fxg5 {[%emt 0:00:14]} 34. Rxg5 {[%emt 0:00:23]} 1-0

[Event "Maria Albulet Memorial 2017"]
[Site "Braila"]
[Date "2017.10.14"]
[Round "9"]
[White "Bulmaga, Irina"]
[Black "Djukic, Sandra"]
[Result "1/2-1/2"]
[WhiteElo "2423"]
[BlackElo "2084"]
[Annotator "TA"]
[PlyCount "78"]
[EventDate "2017.??.??"]
[EventCountry "ROU"]
[SourceTitle "playchess.com"]
[Source "ChessBase"]
[SourceQuality "1"]

{[%evp 22,78,18,0,29,35,50,46,43,45,46,-2,-3,-17,-17,-22,-16,-53,-49,-49,-37,-35,-34,-25,-33,-56,-45,-61,-54,-64,-53,-58,-56,-50,-58,-64,-64,-64,-65,-72,-78,-75,-75,-78,-70,-71,0,-71,-70,-65,-56,-72,-72,-74,0,-74,0,-74,0]} 1. e4 c5 2. Nf3 Nc6 3. d4 cxd4 4. Nxd4 Nf6 5. Nc3 d6 6. Be2 e5 7. Nf3 h6 8. O-O Be7 9. h3 Be6 10. Re1 O-O 11. Bf1 Rc8 12. b3 {LiveBook: 9 Games. B58: Classical Sicilian: 6 Be2} (12. Nd5 Bxd5 13. exd5 Nb4 14. c4 a5 15. a3 Na6 16. Rb1 Qd7 17. b4 axb4 18. axb4 Rfd8 19. Bd2 b5 20. Qb3 bxc4 21. Bxc4 {1-0 (41) Spasov,V (2544)-Bogosavljevic,B (2520) Kragujevac 2015}) 12... Nb4 13. Bb2 d5 14. exd5 $146 {White is slightly better.} ({Predecessor:} 14. Nxe5 d4 15. Nb5 Nxc2 16. Nxa7 Rc7 17. Nb5 Nxa1 18. Qxa1 Rc8 19. Nxd4 Bb4 20. Nxe6 fxe6 {½-½ (90) Tamas,N (2235)-Pergel,L (2030) Paks 1994}) 14... Nfxd5 15. Nxd5 Qxd5 16. c3 Qxd1 17. Rexd1 Nc6 18. Re1 Rfd8 19. Bb5 f6 {[%cal Bf7f6,Bf6f5][%mdl 32]} 20. Rad1 Rxd1 21. Rxd1 Kf7 22. Kf1 a6 23. Bd3 f5 {[#] Strongly threatening ...e4.} 24. Bb1 e4 25. Ne1 b5 26. f3 $1 exf3 27. Nxf3 Bf6 28. Nd4 Nxd4 29. cxd4 g6 30. Bc1 h5 31. Be3 Bd5 32. Bd2 Rd8 33. Ba5 $1 {[%cal Ra5d8]} Rc8 ({Black should play} 33... Rd7 $17) 34. Bd3 (34. Bd2 $1 $11) 34... h4 35. Be1 Ke6 36. Bf2 Rc3 37. Be1 Rc8 ({Worse is} 37... Bxd4 38. Bxc3 Bxc3 39. Be2 $16) 38. Bf2 Rc3 39. Be1 Rc8 {Precision: White = 55%, Black = 52%.} ({Weaker is} 39... Bxd4 40. Bxc3 Bxc3 41. Be2 $16) (39... Rc6 $17) 1/2-1/2

[Event "Maria Albulet Memorial 2017"]
[Site "Braila"]
[Date "2017.10.14"]
[Round "9"]
[White "Doluhanova, Evgeniya"]
[Black "Rakhmangulova, Anastasiya"]
[Result "1/2-1/2"]
[WhiteElo "2328"]
[BlackElo "2242"]
[Annotator "TA"]
[PlyCount "75"]
[EventDate "2017.??.??"]
[EventCountry "ROU"]
[SourceTitle "playchess.com"]
[Source "ChessBase"]
[SourceQuality "1"]

{[%evp 25,75,11,42,39,29,31,44,33,40,26,32,31,31,21,29,31,25,0,0,-8,-5,-24,-22,-19,-19,-20,-20,-30,-17,-18,-7,-3,0,0,0,0,0,0,0,0,0,0,0,0,0,0,0,0,0,0,0,0]} 1. e4 c5 2. Nf3 e6 3. d4 cxd4 4. Nxd4 Nf6 5. Nc3 Nc6 6. Ndb5 Bb4 7. a3 Bxc3+ 8. Nxc3 d5 9. exd5 exd5 10. Bd3 O-O 11. O-O d4 12. Ne2 Bg4 13. Bg5 Qd6 (13... h6 $5 {[%cal Rh6g5]} 14. Bh4 Bxe2 15. Qxe2 (15. Bxe2 Re8 $11) 15... Re8 $14) 14. Qd2 {B45: Sicilian Four Knights} Bxe2 15. Bf4 Qd5 16. Bxe2 {White is slightly better.} Ne4 {[%cal Bf6e4,Be4c5,Bc5e6][%mdl 32]} 17. Qd3 Nc5 18. Qc4 Qxc4 19. Bxc4 {[#]} Ne6 $146 ({Predecessor:} 19... Rfd8 20. Rad1 a6 21. Rfe1 Na4 22. Bb3 Nc5 23. Bc4 Na4 24. Bb3 {½-½ (24) Perez Candelario,M (2525)-Kogan,A (2569) Kemer 2007}) 20. Bd2 Ne5 21. Ba2 Rfc8 22. Bb3 Nc4 23. Bc1 Na5 24. Bxe6 fxe6 25. b4 Nc4 26. Re1 e5 27. f4 {The position is equal.} exf4 28. Bxf4 Ne3 29. Bxe3 dxe3 30. Rxe3 Rxc2 $11 {[%mdl 4096] Endgame KRR-KRR} 31. Rd1 Rf8 32. h4 h6 33. Rd7 {[#] Ree7 is the strong threat.} Rff2 34. Rg3 Rf7 35. Rgd3 {White wants to play Rxf7.} Rff2 36. Rg3 Rf7 37. Rgd3 {next Rxf7 is good for White.} Rff2 38. Rg3 {Precision: White = 81%, Black = 87%.} 1/2-1/2

[Event "Maria Albulet Memorial 2017"]
[Site "Braila"]
[Date "2017.10.14"]
[Round "9"]
[White "Petrenko, Svetlana"]
[Black "Nastase, Andreea-Cristina"]
[Result "1-0"]
[WhiteElo "2140"]
[BlackElo "1989"]
[Annotator "TA"]
[PlyCount "147"]
[EventDate "2017.??.??"]
[EventCountry "ROU"]
[SourceTitle "playchess.com"]
[Source "ChessBase"]
[SourceQuality "1"]

{[%evp 10,147,6,16,19,24,31,0,8,0,22,-7,0,-3,50,35,25,25,39,16,36,-8,-10,-16,25,24,54,12,26,0,18,3,16,8,47,25,78,0,0,0,126,118,218,210,366,241,235,242,220,236,229,189,198,176,191,91,88,91,100,91,97,102,88,85,273,262,889,874,752,486,1177,1185,1006,1086,1120,1086,1031,989,1151,1048,1477,1327,1776,1645,12825,12824,12829,12829,12829,12829,12831,12831,12832,12832,12833,12834,12835,12835,12836,12835,12837,12835,12836,12836,12836,12835,12837,12837,12841,12841,12840,12839,12842,12843,12844,12844,12845,12846,12846,12847,12847,12847,12847,12847,12850,12851,12851,12851,12851,12851,12851,12851,12851,29969,12851,29967,12851,29978,29977,12851]} 1. c4 Nf6 2. Nf3 c6 3. b3 d5 4. Bb2 e6 5. Qc2 Nbd7 6. e3 {LiveBook: 72 Games. A13: English Opening: 1...e6} c5 $146 ({Predecessor:} 6... b6 7. Nc3 Bb7 8. d4 Bd6 9. Bd3 O-O 10. O-O Rc8 11. Rfd1 h6 12. Rac1 Qe7 13. Qe2 Rfe8 14. h3 Ba3 15. Bxa3 Qxa3 16. Bb1 Qe7 17. Ne5 c5 18. Nxd7 Qxd7 19. cxd5 exd5 20. dxc5 bxc5 {½-½ (110) Papin,V (2502)-Guliyev,N (2579) Berlin 2015}) 7. Be2 b6 8. O-O {White is slightly better.} Bb7 9. d4 Bd6 10. Ne5 cxd4 11. exd4 Qc7 ({Better is} 11... Rc8 $11) 12. f4 $14 dxc4 13. bxc4 Ne4 {And now ...Nxe5 would win.} 14. Nd2 f5 15. Ndf3 O-O 16. Rad1 Ndf6 17. Qb3 Kh8 18. g3 Rfe8 19. Rc1 h6 20. Qe3 Kh7 21. Bd3 Rg8 22. Rc2 g5 (22... Rad8 $11 {remains equal.}) 23. Rg2 (23. fxg5 $16 Bxe5 24. Nxe5 Rxg5 25. Rg2) 23... Rg7 $11 24. fxg5 Nxg5 (24... hxg5 $11 25. g4 Kg8) 25. Nxg5+ $16 Rxg5 {[#]} (25... hxg5 $16 26. d5 Bc5) 26. Nf3 $1 $18 {[%cal Rf3g5]} Ne4 $2 (26... Bxf3 27. Rxf3 (27. Qxf3 Rag8 $16) 27... Re8) 27. Bxe4 Bxe4 28. Nxg5+ hxg5 29. Qxg5 Bxg2 30. Qh5+ Kg8 31. Qg6+ Kf8 32. Qf6+ (32. Kxg2 $18 {and White stays clearly on top.} Qxc4 33. Kg1) 32... Qf7 $16 33. Qxf7+ Kxf7 34. Kxg2 {[%mdl 4096] Endgame KRB-KRB} Rg8 35. Kf3 Rh8 36. Rf2 Kf6 $2 (36... Rc8 $16) 37. c5 $18 bxc5 $2 (37... Bb8 38. d5+ e5) 38. dxc5+ Be5 39. c6 Rc8 (39... f4 $142 40. c7 (40. gxf4 Bxb2 41. Rxb2 Rh3+ 42. Kg4 Rc3 $16) 40... fxg3 41. hxg3 Bxb2) 40. Bxe5+ Kxe5 {KR-KR} 41. Rc2 Rc7 42. h4 Kf6 43. Rc5 e5 44. a4 a6 45. Ke3 Ke6 46. h5 Kf6 47. h6 Kg6 48. h7 Kxh7 49. Rxe5 Rxc6 50. Rxf5 Rc3+ {[#]} 51. Kf2 $1 Kg6 52. Ra5 Rc6 53. Kf3 Re6 54. Kf4 Kf6 55. Rh5 Kg6 56. g4 Rb6 57. Ra5 Rb4+ 58. Kg3 Rb3+ 59. Kh4 Rb6 60. Rc5 Kf6 61. Kh5 Rd6 62. g5+ Kg7 63. Rc7+ Kg8 64. Ra7 Kf8 65. a5 Rc6 66. g6 Rc1 67. Rxa6 Rh1+ 68. Kg5 Rg1+ 69. Kf5 Rf1+ 70. Ke5 Kg7 71. Rb6 (71. Ra7+ $18 Kxg6 72. Ra8) 71... Ra1 72. a6 Ra5+ 73. Kd6 Kxg6 74. Kc7+ {Precision: White = 59%, Black = 30%.} (74. Kc6 $142 Ra3 75. Kb7+ Kf5 76. a7 Rxa7+ 77. Kxa7 Ke4 78. Rb3 Kd5 79. Kb6) 1-0